[Event "Reykjavik op"]
[Site "Reykjavik"]
[Date "2015.03.13"]
[Round "5"]
[White "L'Ami, Erwin"]
[Black "Brunello, Sabino"]
[Result "1-0"]
[WhiteElo "2605"]
[BlackElo "2540"]
[Annotator "Sagar Shah"]
[PlyCount "119"]
[EventDate "2015.03.10"]
[EventType "swiss"]
[EventRounds "10"]
[EventCountry "ISL"]
[SourceTitle "CBM 166"]
[Source "ChessBase"]
[SourceDate "2015.05.11"]
[SourceVersion "1"]
[SourceVersionDate "2015.05.11"]
[SourceQuality "1"]

{Erwin L'Ami is an opening expert and his ideas from the White side against
solid openings like the Slav and Queen's Indian are often noteworthy. Here he
beats a very strong opponent in a smooth positional game.} 1. d4 d5 2. c4 c6 3.
Nf3 Nf6 4. Nc3 dxc4 5. a4 Bf5 6. e3 e6 7. Bxc4 Nbd7 8. O-O Bb4 9. Qe2 O-O 10.
e4 Bg6 (10... Bg4 {is another option but White gains a small edge by means of
normal moves.} 11. Rd1 Qa5 12. e5 Nd5 13. Nxd5 cxd5 14. Bd3 $14 {With an
interesting position where Black has his share of chances but I prefer White.})
11. Bd3 Bh5 ({I had assumed that ...Bh5 was the only good move available for
Black in the position but he has another option which was introduced by Vasily
Smyslov and has been played by the likes of Shirov and Morozevich.} 11... h6 {
Some sort of a waiting move.} 12. Rd1 Qe7 {was Smyslov's choice in all the
three games in which this position was reached.} 13. e5 Nd5 14. Nxd5 cxd5 15.
Bxg6 fxg6 $132 {and Black's position looks fine.}) 12. e5 Nd5 13. Nxd5 cxd5 14.
Qe3 {This position has been reached a number of times. There are a lot of
positional features that one needs to understand in order to master this
position. However, concretely White has the brutal threat of Ng5 followed by
Qh3.} Re8 {With Re8 Black defends his e6-pawn and makes way for his knight to
go to f8. As e6 is defended, Black can now think about recapturing on g6 after
...Bg6, Bxg6 by fxg6.} ({Just to show you what White is actually threatening:} 
14... Z0 15. Ng5 $1 Bg6 (15... h6 16. Qh3 $1 Bg6 17. Bxg6 $18) 16. Bxg6 hxg6
17. Qh3 $18) (14... Bg6 $6 15. Bxg6 fxg6 (15... hxg6 16. Ng5 Be7 {is a
position that is analysed in the variation after 14...Be7.}) 16. a5 $5 $14 {
With a move like a5, White breaks Black's hold on the queenside and gains
space on that wing.}) ({Apart from 14...Re8, the other main move in this
position is} 14... Be7 15. Ng5 $1 {I find this move to be pretty good and it
gives White a very safe edge.} Bxg5 (15... Bg6 {is another option that Black
has.} 16. Bxg6 hxg6 17. f4 $5 $146 Rc8 18. Qh3 Bxg5 19. fxg5 {How do we assess
this position? It seems as if statically White is worse because the d4-pawn is
weak. But he has a very deadly threat of playing Rf4 followed by Rh4.} Qb6 $2
20. Rf4 $1 Nxe5 21. Rh4 f5 22. gxf6 $18 {White has a winning attack.}) 16. Qxg5
Qxg5 17. Bxg5 Nb8 (17... Bg6 18. Bb5 Nb8 19. Rfc1 Nc6 20. Bxc6 bxc6 21. Be7
Rfb8 22. Ba3 $14 {White has a risk free edge and can torture Black for many
more moves to come.}) 18. Bd2 $5 {The idea is to place the bishop on c3 and
then defend the d-pawn and at the same time block the c-file.} Nc6 19. Bc3 Bg6
20. Be2 Rfc8 21. g4 $1 {1-0 (39) Neverov,V (2538)-Ansell,S (2394) Hastings
2007. After cementing the queenside White expands on the kingside and clearly
has an edge.}) 15. Bd2 {This line is not as venomless as it looks at first
sight. After the exchange of bishops, White can start expanding on the
queenside.} (15. Ng5 Bg6 (15... Nf8 16. Nxh7 Nxh7 17. Bxh7+ Kxh7 18. Qh3 Kg6
19. g4 Bxg4 20. Qxg4+ Kh7 $13) 16. Bxg6 fxg6 {is a fairly popular position
that has been played many times. White can now try for an edge with} 17. a5 $5
Rc8 (17... Bxa5 $2 18. Qf3 $1 Nf8 (18... Re7 19. Nxe6 Rxe6 20. Qxd5 {As
compared to the main line, there is no rook on c8 and hence Nc5 is not
possible here.}) 19. Qf7+ Kh8 20. Qf4 Kg8 21. Nf7 Qc7 22. Nd6 Re7 23. Bd2 $16 {
White had a very tangible advantage in Kashlinskaya-Gunina 2013}) 18. Ra4 {
leads to a very tactical line.} (18. Qb3 $6 {leads to similar positons as in
the main line.} Bxa5 19. Qf3 Re7 20. Nxe6 Rxe6 21. Qxd5 Nc5 22. Qxd8+ Bxd8 23.
dxc5 Rxe5 24. Be3 {1/2-1/2 (75) Kobo,O (2410)-Banusz,T (2582) Jerusalem 2015.})
18... Bxa5 19. Qf3 Re7 20. Nxe6 Rxe6 21. Qxd5 Nc5 22. Qxd8+ Bxd8 23. dxc5 Rxe5
{1/2-1/2 (30) Bacrot,E (2702)-Andriasian,Z (2604) Fujairah 2012. White looks
comfortable but there isn't much left in this position and it should end in a
draw.}) 15... Qe7 (15... Bxd2 {This exchange is not recommended for Black
because it lets White gain space on the queenside.} 16. Nxd2 {This position
had been reached by L'Ami himself in his game against Frank Holzke which ended
in a draw.} Nb8 (16... Rc8 17. Rfc1 $14) 17. Rfc1 Nc6 18. Bb5 Rc8 19. a5 $14 {
with a very pleasant position for White.}) (15... Qa5 {is more common but it
would just transpose to the game. Not to forget, L'Ami already has had a game
here against a 2200 player. But I must also mention that the L'Ami in that
game was Alina and not Erwin!}) 16. Bxb4 Qxb4 17. Qd2 ({Alina L'Ami played in
the following manner but after} 17. Ng5 Nf8 18. f4 Bg6 19. Bxg6 fxg6 $2 $14 (
19... Nxg6 $11 {I have a feeling that Black is doing pretty well in this
position.}) 20. b3 Rac8 21. Rfc1 $14) ({Another variation which shows how
Black can maintain the balance:} 17. Ra3 Bxf3 18. Rb3 Qxa4 19. Bb5 (19. Qxf3
Qxd4 20. Bxh7+ Kf8 (20... Kxh7 21. Qxf7 $18) 21. Rxb7 Re7 22. Qa3 Qc5 $11)
19... Qa5 20. Bxd7 Re7 21. Bxe6 Bxg2 22. Bxf7+ Rxf7 23. Kxg2 Qa6 $11) 17... Qe7
(17... Qxd2 18. Nxd2 {How do we assess this position? Not so easy to say but I
think Black is closer to equality than White is to an advantage.} Nb8 $1 19.
Rfc1 Nc6 20. Bb5 Rec8 21. Bxc6 Rxc6 22. Rxc6 bxc6 23. b3 $5 {White can try to
grind out a win in this position but I am not sure if he will be successful in
that endeavour.} (23. Rc1 Rb8 24. Rxc6 g5 25. b3 Rb4 $132 {Black has
sufficient counterplay to maintain the balance.}) (23. Ra3 {and White needs
only to play Rb3 to gain an advantage but Black prevents it with the accurate}
Bd1 $1 $11 (23... Rb8 $2 24. Rb3 $1 Rxb3 25. Nxb3 Bd1 26. Nc5 $16 {White
should win this dominating endgame.})) 23... Rb8 24. f3 Rb4 25. Kf2 Rxd4 26.
Ke3 Rb4 27. Rc1 Rb6 28. g4 Bg6 29. a5 Rb5 (29... Ra6 30. b4 $18) 30. Rxc6 $14)
18. Ne1 {The knight goes to c2 from where it will be useful for White's
queenside expansion.} Rac8 19. Nc2 Bg6 20. Bxg6 {The way in which Black
recaptures often decides White's plan in this position. Here taking with the
h-pawn was safer because with the knight on c2 there are no prospects of
launching an attack on the kingside by bringing the knight to the g5-square.}
fxg6 $6 {The structure is ruined to some extent and Black will have to
constantly take care of his e6 weakness in future.} (20... hxg6 {was better.})
21. Rfc1 Rc7 $6 {A careless move by Sabino which gives Erwin the c-file.} (
21... g5 {gaining space on the kingside was better.}) 22. Na3 $1 {The knight
threatens to come to the b5-square.} Rxc1+ (22... Rec8 23. Rxc7 Rxc7 24. Nb5
$16) 23. Rxc1 {If we take stock of this position we realise that almost all
the trumps lie with White. He has the open c-file and the better pawn
structure. Yet his advantage is not decisive because Black's pieces are
currently defending his weaknesses.} Nb8 $6 (23... Nb6 $5 24. Qa5 Rc8 $132 {
was one way to fight for the only open file on the board.}) 24. Nb5 $1 Nc6 25.
Nd6 $16 {White has achieved a very stable advantage. His knight is obviously a
monster and makes Black's life very difficult.} Rf8 26. g3 $1 {A very strong
prophylactic move.} (26. b4 {looked obvious but it allows counterplay with} Qh4
$1 {attacking the d4-pawn.} 27. Rd1 Nxb4 $132) (26. a5 $5 {was an interesting
option though.} a6 (26... Qh4 $2 27. a6 $18) 27. g3 $16 {White has gained more
space thanks to the pawn on a5.}) 26... Qc7 27. Rc5 (27. b4 $6 Qb6 (27... Nxd4
$2 28. Rxc7 Nf3+ 29. Kg2 Nxd2 30. Rxb7 $18) 28. Rc5 Qxb4 29. Qxb4 Nxb4 30. Nxb7
$14 {White has lost some of his advantage.}) 27... a5 28. Kg2 {A high class
move which shows how White intends to slowly build the position. Such moves
are unknown to lesser skilled players as they do not see the difference
between the king on g1 or g2. But on g2 the king is safe from any back rank
checks and at the same time it controls the f3-square which might be important
in the future.} (28. h4 {was also a nice move but White had to be sure about
the tactics after} Nxe5 29. Rxc7 Nf3+ 30. Kg2 Nxd2 31. Rxb7 Ne4 32. Nxe4 dxe4
33. Rb5 $16 {White should be clearly better here.}) 28... Qb6 29. Qc3 (29. Rb5
Qxd4 30. Qxd4 Nxd4 31. Rxa5 Nc6 32. Rb5 Nxe5 33. a5 $18 {It is clear that the
white pawns are much more dangerous than black ones.}) (29. h4 $6 Qb3 $132)
29... g5 30. h3 (30. Nxb7 Nxd4 31. Qxd4 Qxb7 32. Rxa5 Qb3 33. Rc5 h5 $132 {
gives some counterplay.}) 30... h6 31. Nb5 (31. Nxb7 $1 {was interesting just
like the previous variation. The inclusion of h3 and h6 would only benefit
White.} Nxd4 (31... Qxb7 32. Rxc6 $16) 32. Qxd4 Qxb7 33. Rxa5 Qb3 34. Rc5 Qf3+
35. Kg1 h5 36. a5 h4 {I would be pretty scared to be White here but my engine
thinks that White is clearly better.} 37. gxh4 g4 38. Rc3 $1 $16 (38. hxg4 Rf4
$19)) 31... Kh8 32. Qe3 Kg8 33. Rc3 Kh8 34. Qe2 Kg8 35. Rf3 Rxf3 36. Qxf3 Nb4 {
The exchange of rooks, in my opinion, has to a certain extent eased Black's
defensive task.} (36... Nxd4 37. Qe3 $18) 37. Qg4 Qc6 38. Nd6 Qd7 39. h4 gxh4
40. gxh4 {How does one make a decision like this to ruin one's pawn structure.
Well firstly, White realised that he has to get rid of Black's g5-pawn. Hence
h4 was clear. Taking with the queen was surely preferable positionally but
then Black has some counterplay as shown in the variation below.} (40. Qxh4 Nd3
$1 (40... Qxa4 41. Qe7 $18) 41. b3 Nc1 $132) 40... Nc6 (40... Nd3 41. b3 Nc1
42. Qd1 $16) 41. h5 Ne7 42. f4 {White didn't play in the most accurate manner
in the last few moves and the computer assesses this position to be equal. All
that Black has to do is exchange the knight on d6 with ...Nc8. But first it
was important to not to give the f4-f5 resource to White.} Nc8 $2 (42... Kh8 $1
{A good waiting move attacking the pawn on a4.} 43. Qd1 (43. Kg3 Qxa4 44. Qxe6
Qb3+ 45. Kg4 Qd1+ 46. Kg3 Qg1+ $11) 43... Nc8 $1 $11 {Once the d6 knight is
exchanged there is nothing much that White can hope for.}) 43. f5 $1 {Once
White gets this break, his e5-protected passed pawns becomes very strong.
Still the position is not lost but Black is walking a very tight rope.} Nxd6
44. fxe6 Qxa4 $2 {Allowing two connected passers on the sixth rank is very
dangerous.} ({Black's only defence consisted of} 44... Qe7 $1 45. exd6 Qxd6 46.
Qf5 {looks lost but Black can defend with} Qa6 $1 47. Qf7+ Kh7 48. e7 Qe2+ $11
{with a perpetual. While this is easy for the engines to see, for humans it is
not and Sabino tries to create desperate counterplay in the game.}) 45. exd6 {
[%csl Gd6,Ge6] White's only concern is to stop the perpetual. The rest will be
taken care by the pawn duo.} Qc2+ 46. Kg3 Qc1 47. e7 Qg1+ 48. Kf3 Qf1+ (48...
Qd1+ {The theme of skewering the queen from all the directions doesn't work in
this particular case because} 49. Kf2 $1 {Very nicely calculated.} Qxg4 50.
e8=Q+ Kh7 51. Qg6+ Qxg6 52. hxg6+ Kxg6 53. d7 $18) 49. Ke3 Qc1+ 50. Kd3 Qb1+
51. Kc3 Qc1+ 52. Kb3 a4+ 53. Ka3 (53. Kxa4 Qc4+ $11) 53... Qa1+ 54. Kb4 Qxb2+
55. Kc5 Qc3+ 56. Kxd5 Qb3+ 57. Ke4 Qb1+ 58. Ke5 Qe1+ 59. Kd5 Qh1+ 60. Ke6 {
The king escapes. Though Sabino had his chances to equalise in the game, I
quite liked the steady fashion in which Erwin played.} 1-0

[Event "Maastricht Limburg op-A 8th"]
[Site "Maastricht"]
[Date "2014.06.09"]
[Round "6"]
[White "L'Ami, Erwin"]
[Black "Ducarmon, Quinten"]
[Result "1-0"]
[WhiteElo "2647"]
[BlackElo "2483"]
[Annotator "Schulz,Andre"]
[PlyCount "93"]
[EventDate "2014.06.06"]
[EventType "swiss"]
[EventRounds "7"]
[EventCountry "NED"]
[SourceTitle "CBM 160 Extra"]
[Source "ChessBase"]
[SourceDate "2014.07.01"]
[SourceVersion "1"]
[SourceVersionDate "2014.07.01"]
[SourceQuality "1"]

1. d4 d5 2. c4 c6 3. Nf3 Nf6 4. Nc3 dxc4 5. a4 Bf5 6. e3 e6 7. Bxc4 Bb4 8. O-O
O-O 9. Qe2 Ne4 ({Die Hauptzüge sind} 9... Nbd7) (9... Bg6) (9... Bg4) 10. Ne5
$5 (10. Nxe4 Bxe4 11. Rd1 Nd7 12. Bd2 Bd6 {bringt Schwarz bequemes Spiel.})
10... Nxc3 ({Weniger riskant ist} 10... Nd7 11. Nxd7 Qxd7 12. Na2 Be7 13. f3
Nd6 14. Bb3 Bg6 15. e4 Kh8 16. Be3 f5 17. e5 Ne8 18. f4 Nc7 19. Nc3 Nd5 20.
Nxd5 cxd5 21. a5 Rfc8 22. Rfc1 Be8 23. Bd2 Rxc1+ 24. Rxc1 Rc8 25. Rxc8 {
1/2-1/2 (25) L'Ami,E (2610)-Bareev,E (2655) Amsterdam 2008}) 11. bxc3 Bxc3 12.
Ra3 Bb4 13. Rb3 a5 14. e4 Bg6 {Bis dahin hatte Erwin L'Ami das alles schon
einmal auf dem Brett gehabt. Nun spielt er eine neue Idee.} 15. h4 $1 (15. Bb2
Nd7 16. Nxg6 hxg6 17. Rg3 Nf6 18. f4 Qd7 19. e5 Nd5 20. h4 Rfe8 21. h5 gxh5 22.
Qxh5 g6 23. Bd3 Bf8 24. f5 Bg7 25. fxg6 f5 26. exf6 Nxf6 27. Rxf6 Bxf6 28. g7
Bxd4+ 29. Kh1 Bxb2 30. Bh7# {1-0 (30) L'Ami,E (2611)-Henriksson,J (2279)
Reykjavik 2012}) 15... Qxd4 (15... Qxh4 $2 16. Nxg6 hxg6 17. Rh3 Qd8 18. Qg4
$18 {gefolgt von} Z0 19. Bg5 Z0 {und} 20. Qh4) 16. Nxg6 hxg6 17. Rh3 (17. h5 $1
{war sehr gefährlich:} Nd7 (17... g5 18. Rd1 Qc5 19. Rg3 $18) (17... gxh5 18.
Bb2 Qc5 19. Rg3 g6 20. Qf3 Qxc4 21. Qf6 $18) 18. hxg6 Nc5 19. gxf7+ Rxf7 20.
Rh3 Qf6 (20... Qxe4 21. Qh5 $18) 21. Qg4 Rb8 22. Rh5 $18) 17... b5 18. Ba2 (18.
axb5 cxb5 19. Bxb5 $16 {mit der Idee h5.}) 18... Nd7 19. Rd1 (19. h5 Nc5 $5 20.
hxg6 fxg6 21. Qg4 Qxe4 22. Qxe4 Nxe4 23. Bxe6+ Rf7 24. Rf3 Nf6 {kostet Schwarz
eine Qualität, aber die schwarzen Damenflügelbauern sind gefährlich.}) 19...
Qc5 20. h5 Ne5 21. Be3 Qe7 22. hxg6 fxg6 23. axb5 cxb5 24. Qxb5 Rad8 {Den
Angriff hat Schwarz abgewehrt, aber seine Bauernstruktur ist ziemlich kaputt.
Außerdem hat Weiß das Läuferpaar.} 25. Rf1 Qf6 26. Rg3 ({Genauer war} 26.
Qe2 $1) 26... Bd2 {Dieses Manöver bringt Schwarz Entlastung.} 27. Bxd2 Rxd2
28. Qxa5 Rd6 (28... Rfd8 $5 $11) 29. f4 Nc4 $2 {Stellt die Partie ein.} ({
Richtig war} 29... Nc6 30. Qc5 Qd4+ 31. Qxd4 Nxd4 $11) 30. Qc5 Qd4+ 31. Qxd4
Rxd4 32. Rc1 Rxf4 ({Der Springer kann nciht ziehen:} 32... Nd2 33. Bxe6+ Rf7
34. Rc8+) 33. Rxc4 Rxc4 34. Bxc4 Rxe4 35. Bd3 Rf4 36. Bxg6 Rf6 37. Rg4 Kf8 38.
Kh2 Ke7 39. Be4 Kf7 40. Kg3 e5 41. Bd5+ Kf8 42. Rg5 g6 43. Rxe5 Kg7 44. Re6 Rf5
45. Be4 Rg5+ 46. Kf4 Kh6 47. g4 1-0

[Event "NED-ch"]
[Site "Amsterdam"]
[Date "2015.07.12"]
[Round "7"]
[White "Ernst, Sipke"]
[Black "Van Wely, Loek"]
[Result "1-0"]
[WhiteElo "2545"]
[BlackElo "2647"]
[Annotator "Schulz,Andre"]
[PlyCount "91"]
[EventDate "2015.07.05"]
[EventType "tourn"]
[EventRounds "7"]
[EventCountry "NED"]
[EventCategory "15"]
[SourceTitle "CBM 168"]
[Source "ChessBase"]
[SourceDate "2015.09.14"]
[SourceVersion "1"]
[SourceVersionDate "2015.09.14"]
[SourceQuality "1"]
[TimeControl "6000+1375"]
[WhiteClock "0:12:35"]
[BlackClock "0:11:46"]

1. d4 d5 2. c4 c6 3. Nf3 Nf6 4. Nc3 dxc4 5. a4 Bf5 6. e3 e6 7. Bxc4 Bb4 8. O-O
O-O 9. Qe2 Bg6 10. Ne5 Nbd7 11. Rd1 Nxe5 12. dxe5 Nd7 13. f4 Qe7 14. Na2 Nb6
15. Nxb4 Qxb4 16. b3 Nxc4 17. Qxc4 c5 18. Ba3 Qxc4 19. bxc4 Rfc8 20. Rd6 h5 21.
Ra2 Be4 22. Kf2 Bc6 23. Bxc5 Be8 24. Bd4 Rxc4 25. a5 Bc6 26. Kg3 Bd5 27. Rb2
Ra4 {Der Verlust des a-Bauern würde Schwarz zwei Freibauern am Damenflügel
einbringen, also:} 28. Rxd5 exd5 29. Rxb7 Rxa5 30. e6 f6 31. Kh4 Ra2 32. Bb2
Ra6 33. Kxh5 Rb6 34. Rxb6 axb6 35. Kg6 b5 36. g4 b4 37. h4 b3 {Diagramm [#]}
38. g5 $2 (38. f5 $11) 38... fxg5 $2 (38... Kf8 {gewinnt:} 39. gxf6 gxf6 40.
Bxf6 (40. h5 Ra2 41. h6 Rxb2 42. h7 Rh2 $19) 40... Ra2 41. h5 Rg2+ (41... b2 $2
42. Bxb2 Rxb2 43. h6 Ke7 44. h7 Rg2+ 45. Kh6 Rh2+ 46. Kg7 $11) 42. Kf5 b2 43.
Bxb2 Rxb2 44. Ke5 Re2 45. f5 Rxe3+ 46. Kxd5 Ke7 47. h6 Rh3 $19) 39. hxg5 Ra6 $2
{Nun gewinnt Weiß sogar noch.} (39... Ra2 40. f5 (40. e7 $2 Ra6+ 41. Kf5 g6+
42. Ke5 Kf7 $19) 40... Kf8 (40... Rxb2 $2 41. e7 $18) 41. Bxg7+ Ke7 42. Bf6+
Ke8 43. Bc3 b2 44. Bxb2 Rxb2 45. f6 Kf8 46. e7+ Ke8 47. Kg7 Rf2 48. g6 Rf1 49.
f7+ Kxe7 50. Kh8 Rh1+ 51. Kg7 Rf1 $11) 40. f5 Rb6 (40... Kf8 41. Bxg7+ Ke7 42.
Bf6+ Ke8 43. Bd4 Ke7 44. Kg7 $18) 41. Bxg7 Ra6 42. Bd4 Kf8 43. Kh7 Ke7 44. g6
Ra4 45. g7 Rxd4 46. exd4 1-0

[Event "ISR-chT"]
[Site "Israel"]
[Date "1999.01.22"]
[Round "3.5"]
[White "Stepak, Yedael"]
[Black "Tyomkin, Dimitri"]
[Result "0-1"]
[WhiteElo "2301"]
[BlackElo "2503"]
[Annotator "Tyomkin,D"]
[PlyCount "78"]
[EventDate "1999.01.??"]
[EventType "team"]
[EventRounds "11"]
[EventCountry "ISR"]
[SourceTitle "CBM 071"]
[Source "ChessBase"]
[SourceDate "1999.08.01"]
[SourceVersion "1"]
[SourceVersionDate "1999.08.01"]
[SourceQuality "1"]

1. d4 d5 2. c4 c6 3. Nf3 Nf6 4. Nc3 dxc4 5. a4 Bf5 6. e3 e6 7. Bxc4 Bb4 8. O-O
O-O 9. Qe2 Bg6 10. Ne5 Nbd7 11. Nxg6 hxg6 12. f4 (12. Qc2 Rc8 (12... Qa5 13.
Be2 c5 14. Bf3 cxd4 15. exd4 Nd5 16. Nxd5 exd5 17. h4 {1-0 Flohr,S-Furman,S/
URS-ch16 Moscow 1948 (41)}) 13. Rd1 Qe7 14. a5 a6 15. Qb3 c5 16. Bd2 Rc7 17.
Be2 Rd8 18. dxc5 Bxc5 19. Be1 Rdc8 20. Na4 Bd6 21. h3 e5 22. Nb6 {1/2-1/2
Illescas Cordoba,M-Gelfand,B/Dos Hermanas ESP 1999 (22)}) 12... a5 $146 (12...
Qa5 13. Na2 Be7 14. Bd2 Qh5 15. b4 Rfd8 16. Qxh5 Nxh5 17. Rfd1 {0-1 Kramer,
G-Ekstrom,F/Zaandam 1946 (32)}) (12... c5 13. Na2 $1) 13. Rf3 Nb6 14. Bb3 c5
15. Nb5 $6 {Position of white is already dangerous:black uses backwardness
white in development and begins action via the centre.} (15. dxc5 $142 Bxc5 16.
Kh1 {[%cal Ge3e4] /\e4} Nbd5 (16... Nfd5 17. e4 (17. Nxd5 exd5 18. f5 $13)
17... Nxc3 18. bxc3 $14) 17. e4 $14 (17. Nb5 Nb4 (17... Ne4 18. Bc2) 18. e4
$140 (18. Bd2) 18... Ng4 $1 {[%cal Gb4d3,Yg4f2] /\Nd3})) 15... cxd4 16. exd4 (
16. Nxd4 Bc5 $15) 16... Nbd5 $15 {[%csl Rc1,Rd4,Gd5,Rf4][%mdl 16] xd4 Whites
pawn structure is spoiled for ever:pawns of queenside-b2 and a4 create
weakness of b4-square which is perfect outpost for black light pieces,the
other outpost is d5,before d4-pawn,and finally f4-pawn weakens squares
around-g4,f5,e4.} 17. Bd2 Bxd2 18. Qxd2 Qb6 19. Re1 Rac8 20. Rh3 {White looks
for attacking opportunities against the black king and prepares Qf2-h4.But all
this is unreal because of the open centre.} Nc7 $1 {By this move black shows
white, that he has nothing to search on kingside.} (20... Rfd8 $15) 21. Re5
Rfd8 22. Rc3 Ncd5 $138 {Black had found himself in time-trouble in this stage
of the game.} 23. Rh3 Nc7 24. Rc3 Nxb5 25. Rxb5 Qd6 26. Rd3 (26. Rxc8 Rxc8 27.
Rxb7 Ne4 28. Qd1 {[%tqu "En","","","","c8c1","",2]} Rc1 $1 $19 {[%cal Gd6d4]
if you are not capable to find other moves for black after 29.Qxc1-you are in
trouble!}) 26... b6 {[%cal Gf6e4,Ge4c5] /\Ne4-c5} 27. Re5 $2 {[%mdl 8192]
blundering simple tactics.} (27. Qe3 $142 Rc6 28. Rc3 Rdc8 $17) (27. d5 Rc5 $1
$17 {[%csl Rd5] Xd5}) 27... Nd7 $1 $19 28. Rb5 (28. Ree3 Qxf4 $19 {[%cal Rd7e5]
/\Ne5!}) 28... Nc5 {[%csl Rd3,Rd4]} 29. Rf3 Ne4 $1 {Accuracy always is
required!} 30. Qe3 Qxd4 31. Qxd4 Rxd4 32. Rxb6 Nd2 $1 {[%csl Rf4][%cal Yc8c1]
One more exact move destroy whites hopes about this game.} 33. Rc3 Rxc3 34.
Rb8+ Kh7 35. bxc3 Rxf4 {[%cal Rf4f1]} 36. g3 Rf1+ 37. Kg2 Rb1 {[%cal Rb1b8]
White is really unlucky this day!} 38. c4 Rxb3 39. Ra8 Nxc4 0-1